• 首页
  • 本馆介绍
  • 公告通知
  • 最新文献
  • 馆藏检索
  • 电子资源
  • 读者导购
  • 参考咨询
  • 我的图书馆
  • 登录
  • 详细信息显示
  • 放入我的书架
  • 预约/预借图书
  • 作者相关作品
  • 分类相关作品
  • 丛书相关作品
  • 出版社相关作品

书目信息

  • 表格格式
  • 工作单格式
  • 卡片格式
题名:
生态城市评估与指标体系
    
 
作者: 张坤民 编著
分册:  
出版信息: 北京   化学工业出版社  2003.80
页数:
开本: 32开
丛书名:
单 册:
中图分类: X821
科图分类:
主题词: 环境质量--分析(化学) , 环境质量--评价
电子资源:
ISBN: 7-5025-4490-9
000 00598nam0 2200193 450
001 0736196517
005 20070924100316.51
010    @a7-5025-4490-9@d¥64.00
100    @a20070924d km y0chiy0120 ea
101 0  @achi
200 1  @a生态城市评估与指标体系@Asheng tai cheng shi ping gu yu zhi biao ti xi@f张坤民 等编著@Fzhang kun min deng bian zhu
210    @a北京@c化学工业出版社@d2003.80
215    @d32开
606 0  @a环境质量@x分析(化学)
606 0  @a环境质量@x评价
690    @aX821@v3
701  0 @a张坤民@Azhang kun min@4编著
801  0 @aCN@bPFT@c20070924
905    @a213230@dX821@eZY38@f1
    
    生态城市评估与指标体系/张坤民 等编著.-北京:化学工业出版社,2003.80
    32开
    
    
    ISBN 7-5025-4490-9:¥64.00
    
●
相关链接 在E读中查询图书 在五车中查询图书 在当当中查询图书 在豆瓣中查询图书


正题名:生态城市评估与指标体系     索取号:X821/ZY38         预约/预借

序号 登录号 条形码 馆藏地/架位号 状态 备注
1 7901360   279013602   密集书库-资源管理系/ [索取号:X821/ZY38] 在馆    
唐山师范学院图书馆 欢迎您!
大连网信软件有限公司© 版权所有